000 00272nam a22001217a 4500
008 180208b xxu||||| |||| 00| 0 eng d
041 _aeng
080 _a37
100 _a47
101 _aEDU
245 _aProfessional development of teachers
_cHoyle,E
942 _2udc
_cBK
999 _c42128
_d42128